| Tag |
First Indicator |
Second Indicator |
Subfields |
| LEADER |
00000cam a22000003a 4500 |
| 001 |
in00002554913 |
| 005 |
20151201151537.0 |
| 008 |
100323s2009 ne a b 101 0 eng d |
| 019 |
|
|
|a 567988363
|
| 020 |
|
|
|a 9460910335
|
| 020 |
|
|
|a 9789460910333
|
| 020 |
|
|
|a 9460910327
|
| 020 |
|
|
|a 9789460910326
|
| 035 |
|
|
|a (OCoLC)ocn567988360
|
| 035 |
|
|
|a (OCoLC)567988360
|
| 040 |
|
|
|a YDXCP
|c YDXCP
|d R2A
|d UtOrBLW
|
| 049 |
|
|
|a TXAM
|
| 090 |
|
|
|a LB43
|b .R44 2009
|
| 245 |
0 |
0 |
|a Reforming teaching and learning :
|b comparative perspectives in a global era /
|c [edited by] Maria Teresa Tatto, Monica Mincu.
|
| 264 |
|
1 |
|a Rotterdam ;
|a Boston :
|b Sense,
|c 2009.
|
| 300 |
|
|
|a vi, 291p :
|b illustrations ;
|c 25 cm.
|
| 336 |
|
|
|a text
|b txt
|2 rdacontent
|
| 337 |
|
|
|a unmediated
|b n
|2 rdamedia
|
| 338 |
|
|
|a volume
|b nc
|2 rdacarrier
|
| 490 |
1 |
|
|a WCCES series
|
| 500 |
|
|
|a "This volume is the first of five, with their origins in the proceedings of the World Council of Comparative Education Societies XIII World Congress, which met in Sarajevo, Bosnia and Herzegovina, 3-7 September 2007."
|
| 504 |
|
|
|a Includes bibliographical references and index.
|
| 650 |
|
0 |
|a Educational change
|v Cross-cultural studies.
|
| 650 |
|
0 |
|a Comparative education
|v Cross-cultural studies.
|
| 700 |
1 |
|
|a Tatto, Maria Teresa.
|
| 700 |
1 |
|
|a Mincu, Monica.
|
| 710 |
2 |
|
|a World Council of Comparative Education Societies.
|
| 711 |
2 |
|
|a World Congress of Comparative Education Societies
|n (13th :
|d 2007 :
|c Sarajevo, Bosnia and Herzegovina)
|
| 830 |
|
0 |
|a WCCES series.
|
| 938 |
|
|
|a YBP Library Services
|b YANK
|n 3202101
|
| 945 |
|
|
|a PromptCat
|b 999313
|
| 946 |
|
|
|a stk
|
| 947 |
|
|
|a A14840238496
|
| 994 |
|
|
|a 92
|b TXA
|
| 948 |
|
|
|a Cataloged
|b h
|c 2010/6/15
|d c
|e ibarton
|
| 999 |
|
|
|a MARS
|
| 999 |
f |
f |
|s 31db704b-ac9a-3c98-a85c-ddfff8d96f9d
|i 69f49f78-7cae-3391-be2f-0c5e9908445a
|t 0
|
| 952 |
f |
f |
|p normal
|a Texas A&M University
|b College Station
|c Sterling C. Evans Library
|d Evans: Library Stacks
|t 0
|e LB43 .R44 2009
|h Library of Congress classification
|i unmediated -- volume
|m A14840238496
|
| 998 |
f |
f |
|a LB43 .R44 2009
|t 0
|l Evans: Library Stacks
|